000 00655nam a2200253Ia 4500
003 OSt
005 20221006144718.0
006 a|||||r|||| 00| 0
007 ta
008 221006b |||||||| |||| 00| 0 eng d
020 _c£20.00
024 _a12,461
037 _cTextual
040 _aEASL
_cEASL
_beng
041 _2eng
_aeng
082 _aV41.N8, M4
100 _aTEIWES Frederick C
_923362
245 0 _aLeadership legitmacy and conflict in China
260 _aLondon
_bMacmillna
_c1984
300 _a167p.
_ccm.
490 _v CEL
942 _hV41.N8, M4
_cTEXL
_2CC
999 _c1080547
_d1080547